Eastern Utah Libraries Catalog: Duchesne, Heber, Roosevelt, & Vernal

The tail of Emily Windsnap / (Record no. 134405)

MARC details
000 -LEADER
fixed length control field 01793pam a2200493 a 4500
001 - CONTROL NUMBER
control field 43026
003 - CONTROL NUMBER IDENTIFIER
control field DCL
005 - DATE AND TIME OF LATEST TRANSACTION
control field 20241220143121.0
008 - FIXED-LENGTH DATA ELEMENTS--GENERAL INFORMATION
fixed length control field 030930t20042003maua c 000 1 eng
010 ## - LIBRARY OF CONGRESS CONTROL NUMBER
LC control number 2003065284
020 ## - INTERNATIONAL STANDARD BOOK NUMBER
International Standard Book Number 0763624837
035 ## - SYSTEM CONTROL NUMBER
System control number (IMchF)fol09141729
040 ## - CATALOGING SOURCE
Original cataloging agency DLC
Transcribing agency DLC
Modifying agency ICrlF
Description conventions rda
042 ## - AUTHENTICATION CODE
Authentication code lcac
050 00 - LIBRARY OF CONGRESS CALL NUMBER
Classification number PZ7.K4842
Item number Tai 2004
082 00 - DEWEY DECIMAL CLASSIFICATION NUMBER
Classification number [Fic]
Edition number 22
092 ## - LOCALLY ASSIGNED DEWEY CALL NUMBER (OCLC)
Classification number F
100 1# - MAIN ENTRY--PERSONAL NAME
Personal name Kessler, Liz.
9 (RLIN) 51794
245 14 - TITLE STATEMENT
Title The tail of Emily Windsnap /
Statement of responsibility, etc Liz Kessler ; illustrations by Sarah Gibb.
246 ## - VARYING FORM OF TITLE
Remainder of title Emily Windsnap
246 ## - VARYING FORM OF TITLE
Remainder of title Emily Windsnap book one
246 ## - VARYING FORM OF TITLE
Remainder of title Emily Windsnap book 1
250 ## - EDITION STATEMENT
Edition statement 1st U.S. ed.
260 ## - PUBLICATION, DISTRIBUTION, ETC. (IMPRINT)
Place of publication, distribution, etc Cambridge, MA :
Name of publisher, distributor, etc Candlewick Press,
Date of publication, distribution, etc 2004, c2003.
264 ## - Production, Publication, Distribution, Manufacture, and Copyright Notice.
Place of production, publication, distribution, manufacture Cambridge, MA :
Name of producer, publisher, distributor, manufacturer Candlewick Press,
Date of production, publication, distribution, manufacture, or copyr 2004, c2003.
300 ## - PHYSICAL DESCRIPTION
Extent 208 p. :
Other physical details ill. ;
Dimensions 21 cm.
336 ## - Content Type
Content type term text
337 ## - Media type
Media type term unmediated
338 ## - Carrier type
Carrier type term volume
440 ## - SERIES STATEMENT/ADDED ENTRY--TITLE
Title Emily Windsnap :
Volume number/sequential designation Book 1.
9 (RLIN) 5815300
520 ## - SUMMARY, ETC.
Summary, etc After finally convincing her mother that she should take swimming lessons, twelve-year-old Emily discovers a terrible and wonderful secret about herself that opens up a whole new world.
521 0# - TARGET AUDIENCE NOTE
Target audience note 6.1
Source Follett Library Resources
521 2# - TARGET AUDIENCE NOTE
Target audience note 3-6
Source Follett Library Resources
650 #1 - SUBJECT ADDED ENTRY--TOPICAL TERM
Topical term or geographic name as entry element Mermaids
Form subdivision Fiction.
9 (RLIN) 5674228
650 #1 - SUBJECT ADDED ENTRY--TOPICAL TERM
Topical term or geographic name as entry element Swimming
Form subdivision Fiction.
9 (RLIN) 5706343
650 #1 - SUBJECT ADDED ENTRY--TOPICAL TERM
Topical term or geographic name as entry element Houseboats
Form subdivision Fiction.
9 (RLIN) 6367394
650 #1 - SUBJECT ADDED ENTRY--TOPICAL TERM
Topical term or geographic name as entry element Neptune (Roman deity)
Form subdivision Fiction.
9 (RLIN) 6367395
650 #7 - SUBJECT ADDED ENTRY--TOPICAL TERM
Topical term or geographic name as entry element Mermaids and mermen
Form subdivision Fiction.
Source of heading or term sears
9 (RLIN) 5793188
650 #7 - SUBJECT ADDED ENTRY--TOPICAL TERM
Topical term or geographic name as entry element Swimming
Form subdivision Fiction.
Source of heading or term sears
9 (RLIN) 5706343
650 #7 - SUBJECT ADDED ENTRY--TOPICAL TERM
Topical term or geographic name as entry element Houseboats
Form subdivision Fiction.
Source of heading or term sears
9 (RLIN) 6367394
650 #7 - SUBJECT ADDED ENTRY--TOPICAL TERM
Topical term or geographic name as entry element Neptune (Roman deity)
Form subdivision Fiction.
Source of heading or term sears
9 (RLIN) 6367395
700 1# - ADDED ENTRY--PERSONAL NAME
Personal name Gibb, Sarah,
Relator term ill.
9 (RLIN) 47406
942 ## - ADDED ENTRY ELEMENTS (KOHA)
Koha item type UNKNOWN
Source of classification or shelving scheme Dewey Decimal Classification
Holdings
Withdrawn status Lost status Source of classification or shelving scheme Damaged status Not for loan Collection code Home library Current library Shelving location Date acquired Cost, normal purchase price Total Checkouts Total Renewals Full call number Barcode Date last seen Date checked out Cost, replacement price Price effective from Koha item type
    Dewey Decimal Classification     Junior Fiction Wasatch County Library Wasatch County Library Main Floor Junior Area 06/09/2010 13.96 83 26 J Kessler 34301000897670 02/27/2026 12/11/2025 13.96 03/20/2020 BOOK
This project was made possible through a grant from the Institute of Museum and Library Service administered by the Utah State Library Division.

Wasatch County Library

  • 465 East 1200 South, Heber City, Utah 84032
  • Phone 435-654-1511 | Fax 435-654-6456

Hours

  • Monday - Friday 9:30 AM - 8:00 PM
  • Saturday 9:30 AM - 1:30 PM
  • Closed Sundays and Holidays